000 00952nam a22002897a 4500
001 7411
003 FISKH
005 20250714101420.0
008 250714b cb ||||| |||| 00| 0 eng d
020 _a9780194802581
040 _aFISKH
_beng
_cFISKH
_dFISKH
050 _aPZ7
082 _a420.207
100 _aGrainger, Kirstie
245 _aThe camping trip : Family and friends 2 /
_cBy Kirstie Grainger ; Illustrated by Steve Cox
250 _aThis edition published in 2014
260 _aNew York :
_bOxford University Press,
_c2009
300 _a28 pages :
_bcolor illustrations ;
_c25 cm
505 _aJ
520 _aAn exceptionally strong skills training programme which covers language skills, phonics, and civic education skills.
521 8 _a500
_bLexile estimate
521 8 _aJ
_bRaz-Plus
648 _aFamily
_vTrip
_xCamping
700 _aCox, Steve
_eillustrator
942 _2ddc
_cBK
_n0
999 _c7411
_d7411